Петр Семенович Голубь: [статья о творчестве художника и репродукции с его произведений]

Dades bibliogràfiques
Autor principal: Иоффе М. Л. Марк Львович
Idioma:rus
Publicat: Москва, Советский художник, 1957
Matèries:
Format: MixedMaterials Llibre
KOHA link:https://koha.lib.tpu.ru/cgi-bin/koha/opac-detail.pl?biblionumber=148027

MARC

LEADER 00000nam0a2200000 4500
001 148027
005 20231031145301.0
035 |a (RuTPU)RU\TPU\book\160459 
090 |a 148027 
100 |a 20081125d1957 m y0rusy50 ca 
101 0 |a rus 
102 |a RU 
105 |a a z 000zy 
200 1 |a Петр Семенович Голубь  |e [статья о творчестве художника и репродукции с его произведений]  |f М. Л. Иоффе 
210 |a Москва  |c Советский художник  |d 1957 
215 |a 63 с.  |c ил. 
610 1 |a художники 
610 1 |a плакаты 
610 1 |a творчество 
610 1 |a репродукции 
610 1 |a произведения искусства 
675 |a 769.91(47)(092Голубь)  |v 3 
700 1 |a Иоффе  |b М. Л.  |g Марк Львович 
801 1 |a RU  |b 63413507  |c 20081125  |g PSBO 
801 2 |a RU  |b 63413507  |c 20171030  |g PSBO 
942 |c BK